| 000 | 00673nam a22002297a 4500 | ||
|---|---|---|---|
| 999 |
_c80318 _d80318 |
||
| 008 | 201208b ||||| |||| 00| 0 eng d | ||
| 020 | _a978-83-7513-660-9 | ||
| 040 | _dStAFF | ||
| 041 | _apol | ||
| 041 | _aeng | ||
| 041 | _afranz | ||
| 041 | _ajap | ||
| 100 | _aSzkamruk, Jerzy | ||
| 245 |
_aFryderyk Chopin _b2010/ _cJerzy Szkamruk; Ryszard Slawinski |
||
| 260 |
_aBielsko-Biala _b[Wydawnictwo Pascal] _c2009 |
||
| 300 |
_a187 Seiten _büberw. Ill. _eDVD |
||
| 500 | _aBildband | ||
| 546 | _aText in vier Sprachen: Polnisch, Englisch, Französisch, Japanisch | ||
| 942 |
_2z _cB |
||